=LDR 00000nam 2200000 4500 =001 INLIS000000000051551 =005 20200211125358 =035 ##$$a 0010-0917000355 =007 ta =008 200211################g##########0#ind## =020 ##$$a 978.602.7869.93-6 =082 ##$$a 155.4 =084 ##$$a 155.4 ASE a =100 #$$a Asef Umar Fakhruddin =245 1#$$a Agar anak anda juara /$c Asef Umar Fakhruddin =260 ##$$a Yograkarta :$b Gava Media,$c 2015 =300 ##$$a xvi, 76 hlm. ; $c 23x15 cm =650 #4$$a Psikologi Anak =504 ##$$a Bibliografi : hlm. 23 cm =990 ##$$a 21704586 =990 ##$$a 21704587 =990 ##$$a 21704588 =990 ##$$a 21704589 =990 ##$$a 21704590